|
|
|
|
| LEADER |
00000nam a22000007a 4500 |
| 005 |
20201218114439.0 |
| 007 |
cr|||| |||| |
| 008 |
201218s2018 co |||||s|||| 00||0 spa d |
| 020 |
|
|
|a 978-958-781-231-2
|
| 035 |
|
|
|a 32383
|
| 040 |
|
|
|a vLex
|
| 090 |
|
|
|c 10991
|d 10991
|
| 100 |
1 |
|
|a Nordquist, Kjell-¿ke
|
| 245 |
1 |
2 |
|a La reconciliacin̤ como polt̕ica
|h [Recurso electrn̤ico] :
|b El concepto y su prc̀tica /
|c Kjell-¿ke Nordquist
|
| 256 |
|
|
|a Servicio en ln̕ea
|
| 260 |
|
|
|a Bogot:̀
|b Pontificia Universidad Javeriana,
|c 2018
|
| 300 |
|
|
|a 1 recurso electrn̤ico
|
| 500 |
|
|
|a Este libro analiza el concepto de reconciliacin̤ desde una perspectiva polt̕ica y esboza cm̤o pueden entenderse sus caracters̕ticas, en comparacin̤ con sus familiares conceptuales: perdn̤ y resolucin̤ del conflicto. El autor perfila adems̀ las dimensiones estructurales de la reconciliacin̤ y formula una comprensin̤ de este concepto como una contribucin̤ especf̕ica a la solucin̤ de conflictos polt̕icos.
|
| 506 |
1 |
|
|a Disponible solo en los productos indicados
|d vLex Global
|d vLex Global (Academic Edition, excluding Law Schools)
|d vLex Global (U.S. Academic Edition, Law Schools)
|d vLex Global (U.S. Academic Edition, excluding Law Schools)
|d vLex Global (Academic Edition, Law Schools)
|
| 650 |
0 |
4 |
|a Ciencias sociales
|z Colombia
|
| 650 |
0 |
4 |
|a Ciencia polt̕ica
|z Colombia
|
| 650 |
0 |
4 |
|a Humanidades
|z Colombia
|
| 740 |
0 |
|
|a vLex Libros (Servicio en ln̕ea)
|
| 856 |
4 |
0 |
|u http://vlex.com/source/reconciliacion-como-politica-el-concepto-y-su-practica-32383
|z Acceso restringido
|
| 942 |
|
|
|c BOOK
|
| 999 |
0 |
|
|a Social Sciences
|
| 999 |
0 |
|
|a Political science
|
| 999 |
0 |
|
|a Humanities
|